Obrovský čínsky trh láka
Priblíženie podnikateľského prostredia v Číne. Firmy zvučného mena na obrovskom čínskom trhu. Silná trojka v krajine: Wal-Mart, Carrefour a Metro a ich postavenie na čínskom trhu.
Salvato in:
| Autore principale: | |
|---|---|
| Natura: | Capitolo di libro |
| Lingua: | slovacco |
| Soggetti: | |
| Tags: |
Nessun Tag, puoi essere il primo ad aggiungerne!!
|
MARC
| LEADER | 00000naa a2200000 4500 | ||
|---|---|---|---|
| 001 | r043606 | ||
| 005 | 20231002114130.0 | ||
| 041 | 0 | |a slo | |
| 044 | |a SK | ||
| 245 | 1 | 0 | |a Obrovský čínsky trh láka |c Anna Čapková |
| 520 | |a Priblíženie podnikateľského prostredia v Číne. Firmy zvučného mena na obrovskom čínskom trhu. Silná trojka v krajine: Wal-Mart, Carrefour a Metro a ich postavenie na čínskom trhu. | ||
| 610 | 2 | 0 | |a trh vnútorný |
| 610 | 2 | 0 | |a obchod |
| 610 | 2 | 0 | |a spoločnosti obchodné |
| 610 | 2 | 0 | |a siete obchodné |
| 610 | 2 | 0 | |a prostredie podnikateľské |
| 610 | 2 | 0 | |a Čína |
| 100 | 1 | |a Čapková, Anna | |